000 01371nam a2200301 a 4500
005 20160208163744.0
008 990511s1999 ne a grb 101 0 eng
016 7 _a100893015
_2DNLM
020 _a9057023970
040 _aNLM
_cNLM
_dCO-BoIAVH
041 _aeng
042 _anlmcopyc
082 0 4 _a633.88
_bI64c
111 2 _aIOCD/CYTED Symposium
_n(2nd :
_d1997 :
_cPanama, Panama)
245 1 0 _aChemistry, biological, and pharmacological properties of medicinal plants from the Americas :
_bproceedings of the IOCD/CYTED Symposium, Panama City, Panama, 23-26 February 1997 /
_cedited by K. Hostettmann, M.P. Gupta, and A. Marston.
246 3 0 _aProceedings of the IOCD/CYTED Symposium, Panama City, Panama, 23-26 February 1997
260 _aAmsterdam, The Netherlands :
_bHarwood Academic Publishers,
_cc1999.
300 _axiii, 226 paginas. :
_bill. ;
_c26 cm.
504 _aIncludes bibliographical references and index.
650 1 2 _aPlants, Medicinal
_xchemistry
_zAmericas
_vCongresses.
650 1 2 _aPlantas medicinales
_xQuimica
_yAmerica
700 1 _aHostettmann, K.
_q(Kurt),
_d1944-
700 1 _aGupta, Mahabir P.
700 1 _aMarston, A.
_q(Andrew),
_d1953-
710 2 _aInternational Organization for Chemical Sciences in Development.
710 2 _aCYTED (Organization)
942 _2ddc
_cLIBRO
999 _c4675
_d4675